Normal view MARC view

Entry Personal Name

Number of records used in: 2

001 - CONTROL NUMBER

  • control field: 62216

003 - CONTROL NUMBER IDENTIFIER

  • control field: dpl

005 - DATE AND TIME OF LATEST TRANSACTION

  • control field: 20240216123041.0

008 - FIXED-LENGTH DATA ELEMENTS

  • fixed length control field: 240216|| aca||aabn | a|a d

040 ## - CATALOGING SOURCE

  • Original cataloging agency: dpl
  • Transcribing agency: dpl

100 ## - HEADING--PERSONAL NAME

  • Personal name: Malladi,Teja

670 ## - SOURCE DATA FOUND

  • Source citation: Work cat.: (dpl)200852: JANA ARINDAM 62215, Urban India 2015:Evidence/, 2011

© Delhi Public Library
Hit Counter
free hit counter